Accelerate : Building and Scaling High Performing Technology Organizations /

Guardado en:
Detalles Bibliográficos
Autores principales: Forsgren, Nicole (Autor), Humble, Jez (Autor), Kim, Gene (Autor)
Formato: Libro
Lenguaje:inglés
Publicado: Oregon : IT Revolution, 2018
Edición:1. vydanie
Etiquetas: Agregar Etiqueta
Sin Etiquetas, Sea el primero en etiquetar este registro!

MARC

LEADER 00000nam a22000003a 4500
001 0087864
003 SK-STU
005 20210413133804.3
007 ta
008 210413s ----xo-----e------000-0-----d
020 |a 978-1-942788-33-1 
040 |a STU  |b slo 
041 0 |a eng 
044 |a xxu 
100 1 |a Forsgren, Nicole  |4 aut  |r Z6 
245 1 0 |a Accelerate :  |b Building and Scaling High Performing Technology Organizations /  |c aut. Nicole Forsgren, Jez Humble, Gene Kim 
250 |a 1. vydanie 
260 |a Oregon :  |b IT Revolution,  |c 2018 
300 |a 578 s. 
700 1 |a Humble, Jez  |r Z6  |4 aut 
700 1 |a Kim, Gene  |r Z6  |4 aut 
996 |b 284EK90256  |c E* 90256  |l EE35  |s P  |a 0  |w 0087864_0001